| 000 | 00898nam a22002417a 4500 | ||
|---|---|---|---|
| 999 |
_c18766 _d18766 |
||
| 003 | AR-CdUCM | ||
| 008 | 190515b ||||| |||| 00| 0 spa d | ||
| 040 |
_aMUNICIPALIDAD PROVINCIAL DEL CUSCO _cBIBLIOTECA MUNICIPAL DEL CUSCO |
||
| 082 |
_a355.47856 / _bG84 |
||
| 100 |
_aGuallart Martínez, José María. _939552 |
||
| 245 |
_aFronteras vivas : _bPoblaciones indígenas en la cordillera del cóndor / |
||
| 260 |
_aLima : _bCentro Amazónico de Antropología y Aplicación Práctica, _c1981. |
||
| 300 |
_a66 páginas ; _c21 cm. |
||
| 440 |
_aSerie actualidades. _n2. _939553 |
||
| 650 |
_aComunidades indígenas. _93290 |
||
| 650 |
_aAmazonía. _93433 |
||
| 650 |
_aIndígenas del Perú. _95715 |
||
| 650 |
_aCondiciones sociales. _939554 |
||
| 650 |
_aIndígenas de América del Sur. _97418 |
||
| 650 |
_aCondiciones económicas _91989 |
||
| 942 |
_2ddc _cLIBROS |
||
| 945 |
_arum _d2019-05-15 |
||